| 000 | 00378pam a2200157a 44500 | ||
|---|---|---|---|
| 008 | 230515b1994 xxu||||| |||| 00| 0 eng d | ||
| 020 | _aNULL | ||
| 041 | _aENGLISH | ||
| 082 | _aN.D. | ||
| 100 | _aBalkrishnan A. R. / Murthy S. S. | ||
| 245 | _aHeat & Mass Transfer | ||
| 250 | _a0 | ||
| 260 |
_aNULL _bTata McGraw Hill Publishing _c1994 |
||
| 300 | _a1097 | ||
| 650 | _aNULL | ||
| 999 |
_c576304 _d576304 |
||